000
00214nam a2200097Ia 4500
008
240331s9999 xx 000 0 und d
082
_b
RIC
100
_a
Roberts, J.L,. ed
245
0
_a
Richard II :
_b
notes
942
_c
L
999
_c
3200
_d
3200